Statistiques concernant Gares du Loir et Cher

Cliquez ici pour prendre le quiz!

Statistiques générales

  • Ce quiz a été pris 54 fois
  • Le résultat moyen est 9 sur 33

Statistiques - réponses

Nombre de voyageursGares% Correct
1 465 901Blois - Chambord
73%
199 767Salbris
73%
64 882Vendôme
63%
418 302Vendôme - Villiers sur Loir
50%
204 359Onzain - Chaumont sur Loire
47%
213 117Mer
43%
180 962Lamotte Beuvron
37%
23 660Selles sur Cher
33%
79 629Montrichard
30%
35 741Nouan le Fuzelier
30%
84 308Saint Aignan - Noyers
27%
2 513La Chaussée Saint Victor
23%
2 511Mennetou sur Cher
23%
3 370Thésée
23%
4 616Chouzy
20%
317Ménars
20%
5 893Pruniers
20%
61Suèvres
20%
4 976Veuves - Monteaux
20%
7 176Chissay en Touraine
17%
113 984Faubourg d'Orléans
17%
3 447Fréteval - Morée
17%
49 554Gièvres
17%
11 904La Ferté Imbault
17%
4 323Loreux
17%
1 513Pezou
17%
95 950Romorantin Blanc Argent
17%
14 876Selles Saint Denis
17%
12 958Theillay
17%
21 068Villefranche sur Cher
17%
9 830Villeherviers
17%
36Les Quatre Roues
13%
4 642Saint Amand de Vendôme
13%

Distribution des résultats

Percentile par nombre de réponses

% des personnes avec chaque résultat

Votre développement - résultats

Vous n’avez pas pris ce quiz